Total drama characters- Scrambled - Statistics

General Stats
  • This quiz has been taken 47 times
  • The average score is 10 of 20
Answer Stats
Country % Correct
bowie
100%
dave
100%
geoff
100%
izzy
100%
mk
100%
raj
100%
dj
89%
sam
88%
beth
86%
jay
86%
mary
86%
eva
83%
kelly
80%
staci
80%
tom
80%
max
78%
ella
75%
julia
75%
gwen
71%
amy
67%
brick
67%
dakota
67%
duncan
67%
mike
67%
owen
67%
sky
67%
topher
67%
trent
67%
zoey
67%
devin
63%
emma
63%
jo
63%
cody
60%
jasmine
60%
millie
60%
zee
60%
damien
57%
kitty
57%
leshawna
57%
rock
57%
shawn
57%
sugar
57%
tyler
56%
jen
55%
axel
50%
bridgette
50%
caleb
50%
courtney
50%
heather
50%
chet
43%
scott
43%
spud
43%
alejandro
40%
dawn
40%
emma
40%
ezekiel
40%
lorenzo
40%
gerry
38%
ripper
38%
lindsay
36%
chase
33%
crimson
33%
don
33%
ennui
33%
harold
33%
josee
33%
mickey
33%
priya
33%
rodney
33%
sadie
33%
stephanie
33%
cameron
29%
chris
29%
taylor
29%
annemaria
25%
beardo
25%
lightning
25%
samey
25%
ellody
20%
justin
20%
laurie
20%
leonard
20%
miles
20%
scarygirl
20%
brody
17%
junior
17%
sanders
17%
wayne
17%
macarthur
14%
blaineley
0%
carrie
0%
dwayne
0%
jacques
0%
katie
0%
nichelle
0%
noah
0%
ryan
0%
scarlett
0%
sierra
0%
tammy
0%
No matching quizzes found
Score Distribution
Percent of People with Each Score
Percentile by Number Answered
Your Score History
You have not taken this quiz